MLB Stolen Bases Leaders by Season - Statistics

General Stats
  • This quiz has been taken 286 times
  • The average score is 60 of 143
Answer Stats
Year Team Stolen Bases Answer % Correct
1998 AL Athletics 66 Rickey Henderson
93%
1991 AL Athletics 58 Rickey Henderson
93%
1990 AL Athletics 65 Rickey Henderson
93%
1989 AL Yankees/ Athletics 77 Rickey Henderson
93%
1988 AL Yankees 93 Rickey Henderson
93%
1986 AL Yankees 87 Rickey Henderson
93%
1985 AL Yankees 80 Rickey Henderson
93%
1984 AL Athletics 66 Rickey Henderson
93%
1983 AL Athletics 108 Rickey Henderson
93%
1982 AL Athletics 130 Rickey Henderson
93%
1981 AL Athletics 56 Rickey Henderson
93%
1980 AL Athletics 100 Rickey Henderson
93%
2015 AL Astros 38 José Altuve
73%
2014 AL Astros 56 José Altuve
73%
1974 NL Cardinals 118 Lou Brock
69%
1973 NL Cardinals 70 Lou Brock
69%
1972 NL Cardinals 63 Lou Brock
69%
1971 NL Cardinals 64 Lou Brock
69%
1969 NL Cardinals 53 Lou Brock
69%
1968 NL Cardinals 62 Lou Brock
69%
1967 NL Cardinals 52 Lou Brock
69%
1966 NL Cardinals 74 Lou Brock
69%
2019 NL Braves 37 Ronald Acuña Jr.
64%
1984 NL Expos 75 Tim Raines
64%
1983 NL Expos 90 Tim Raines
64%
1982 NL Expos 78 Tim Raines
64%
1981 NL Expos 71 Tim Raines
64%
1996 AL Indians 75 Kenny Lofton
60%
1995 AL Indians 54 Kenny Lofton
60%
1994 AL Indians 60 Kenny Lofton
60%
1993 AL Indians 70 Kenny Lofton
60%
1992 AL Indians 66 Kenny Lofton
60%
1990 NL Cardinals 77 Vince Coleman
60%
1989 NL Cardinals 65 Vince Coleman
60%
1988 NL Cardinals 81 Vince Coleman
60%
1987 NL Cardinals 107 Vince Coleman
60%
1986 NL Cardinals 109 Vince Coleman
60%
1985 NL Cardinals 110 Vince Coleman
60%
2001 AL Mariners 56 Ichiro Suzuki
59%
1959 NL Giants 27 Willie Mays
56%
1958 NL Giants 31 Willie Mays
56%
1957 NL Giants 38 Willie Mays
56%
1956 NL Giants 40 Willie Mays
56%
2012 AL Angels 49 Mike Trout
52%
1979 AL Royals 83 Willie Wilson
50%
1994 NL Astros 39 Craig Biggio
49%
1965 NL Dodgers 94 Maury Wills
48%
1964 NL Dodgers 53 Maury Wills
48%
1963 NL Dodgers 40 Maury Wills
48%
1962 NL Dodgers 104 Maury Wills
48%
1961 NL Dodgers 35 Maury Wills
48%
1960 NL Dodgers 50 Maury Wills
48%
2019 AL Mariners 46 Mallex Smith
47%
2007 NL Mets 78 José Reyes
46%
2006 NL Mets 64 José Reyes
46%
2005 NL Mets 60 José Reyes
46%
2010 AL White Sox 68 Juan Pierre
45%
2003 NL Marlins 65 Juan Pierre
45%
2001 NL Rockies 46 Juan Pierre
45%
2017 NL Marlins 60 Dee Gordon
43%
2015 NL Marlins 58 Dee Gordon
43%
2014 NL Dodgers 64 Dee Gordon
43%
2007 AL Devil Rays 50 Carl Crawford
42%
2006 AL Devil Rays 58 Carl Crawford
42%
2004 AL Devil Rays 59 Carl Crawford
42%
2003 AL Devil Rays 55 Carl Crawford
42%
2013 AL Red Sox 52 Jacoby Ellsbury
41%
2009 AL Red Sox 70 Jacoby Ellsbury
41%
2008 AL Red Sox 50 Jacoby Ellsbury
41%
2016 AL Indians 43 Rajai Davis
41%
2001 NL Phillies 46 Jimmy Rollins
40%
2018 NL Nationals 43 Trea Turner
39%
1964 AL Orioles 57 Luis Aparicio
37%
1963 AL Orioles 40 Luis Aparicio
37%
1962 AL White Sox 31 Luis Aparicio
37%
1961 AL White Sox 53 Luis Aparicio
37%
1960 AL White Sox 51 Luis Aparicio
37%
1959 AL White Sox 56 Luis Aparicio
37%
1958 AL White Sox 29 Luis Aparicio
37%
1957 AL White Sox 28 Luis Aparicio
37%
1956 AL White Sox 21 Luis Aparicio
37%
2018 AL Royals 45 Whit Merrifield
36%
2017 AL Royals 34 Whit Merrifield
36%
1978 AL Tigers 68 Ron LeFlore
34%
1980 NL Expos 97 Ron LeFlore
34%
1972 AL Athletics 52 Bert Campaneris
33%
1970 AL Athletics 42 Bert Campaneris
33%
1968 AL Athletics 62 Bert Campaneris
33%
1967 AL Athletics 55 Bert Campaneris
33%
1966 AL Athletics 52 Bert Campaneris
33%
1965 AL Athletics 51 Bert Campaneris
33%
1976 NL Dodgers 63 Davey Lopes
32%
1975 NL Dodgers 77 Davey Lopes
32%
1979 NL Pirates 77 Omar Moreno
32%
1978 NL Pirates 71 Omar Moreno
32%
1992 NL Expos 78 Marquis Grissom
31%
1991 NL Expos 76 Marquis Grissom
31%
1973 AL Red Sox 54 Tommy Harper
31%
1969 AL Pilots 73 Tommy Harper
31%
1952 NL Dodgers 30 Pee Wee Reese
30%
2002 AL Yankees 41 Alfonso Soriano
29%
1996 NL Rockies 53 Eric Young
28%
2013 NL Rockies/Mets 46 Eric Young Jr.
28%
2002 NL Marlins 48 Luis Castillo
27%
2000 NL Marlins 62 Luis Castillo
27%
2011 AL Yankees 49 Brett Gardner
26%
1987 AL Mariners 60 Harold Reynolds
26%
2000 AL Royals 46 Johnny Damon
25%
2007 AL Orioles 50 Brian Roberts
22%
1999 NL Diamondbacks 72 Tony Womack
20%
1998 NL Pirates 58 Tony Womack
20%
1997 NL Pirates 60 Tony Womack
20%
1976 AL Athletics 75 Billy North
18%
1974 AL Athletics 54 Billy North
18%
1971 AL Royals 52 Amos Otis
17%
1977 AL Royals 53 Freddie Patek
16%
2004 NL Brewers 70 Scott Podsednik
16%
2011 NL Astros/Braves 61 Michael Bourn
15%
2010 NL Astros 52 Michael Bourn
15%
2009 NL Astros 61 Michael Bourn
15%
1953 AL White Sox 25 Minnie Miñoso
15%
1952 AL White Sox 22 Minnie Miñoso
15%
1951 AL White Sox/ Indians 31 Minnie Miñoso
15%
2005 AL Angels 62 Chone Figgins
14%
2012 NL Padres 44 Everth Cabrera
14%
1977 NL Pirates 70 Frank Taveras
14%
1975 AL Angels 70 Mickey Rivers
14%
2008 NL Rockies 68 Willy Taveras
14%
1999 AL Tigers/ Mariners 44 Brian Hunter
12%
1997 AL Tigers 74 Brian Hunter
12%
1970 NL Reds 57 Bobby Tolan
11%
1950 AL Red Sox 15 Dom DiMaggio
11%
1993 NL Marlins 58 Chuck Carr
10%
2011 AL Athletics 49 Coco Crisp
10%
2016 NL Brewers 62 Jonathan Villar
10%
1954 AL Red Sox 22 Jackie Jensen
8%
1955 NL Braves 25 Bill Bruton
6%
1954 NL Braves 34 Bill Bruton
6%
1953 NL Braves 26 Bill Bruton
6%
1951 NL Braves 35 Sam Jethroe
5%
1950 NL Braves 35 Sam Jethroe
5%
1955 AL White Sox 25 Jim Rivera
4%
1995 NL Marlins 56 Quilvio Veras
3%
No matching quizzes found
Score Distribution
Percent of People with Each Score
Percentile by Number Answered
Your Score History
You have not taken this quiz